El misterio de las Tanias

Saved in:
Bibliografiske detaljer
Hovedforfatter: Edwards, Sebastián (Author)
Format: Bog
Sprog:spansk
Udgivet: Santiago Aguilar Chilena de Ediciones S. A 2009
Udgivelse:1a. ed
Serier:Punto de Lectura
Fag:
Tags: Tilføj Tag
Ingen Tags, Vær først til at tagge denne postø!

MARC

LEADER 00000cam a2200000 a 4500
001 UCC1119
003 CL-VaPUC
008 170929e20090000cl |||||||||||||||||spa|d
020 |a 9789562396530 
082 0 4 |a Ch863  |b EDW  |2 21 
100 0 |a Edwards, Sebastián  |e author  |9 595160 
245 1 3 |a El misterio de las Tanias 
250 |a 1a. ed 
300 |a 417 p 
942 |c BK 
945 |d 20170929 13:43:00  |a dcastane 
260 |a Santiago  |b Aguilar Chilena de Ediciones S. A  |c 2009 
650 0 |a Novelas chilenas   |9 265425 
650 0 |a Literatura chilena   |9 308278 
583 |a last modification  |c 20170929 13:43:00  |k Rodrigo Vera 
490 0 |a Punto de Lectura 
999 |c 369699  |d 369697 
952 |0 0  |1 0  |3 erb  |4 0  |6 CH_863_000000000000000_EDW_2009  |7 0  |8 A  |9 485680  |a BIBGIM  |b BIBGIM  |i 5426871  |o Ch863 EDW 2009  |p 5426871  |r 2025-01-15  |w 2019-11-24  |y BK  |z Catalogado en:20170929  |k GIM